000 00978nam a2200277Ia 4500
003 OSt
005 20221005104604.0
006 a|||||r|||| 00| 0
007 ta
008 221004b |||||||| |||| 00| 0 hin d
020 _a8170284597 (hbk)
_c200
024 _a86929
037 _bB174/06, 30/03/2007, Bharat Pustak Bhandar
_cTextual
040 _aCRL
_cCRL
_bhin
041 _2hin
_ahin
082 _aO152,3N12w,1, P4
100 _aविष्णु प्रभाकर
245 0 _aमुक्त गगन में
246 _aMukta gagan mean
260 _aदिल्ली
_bराजपाल भारत
_c2004
300 _a223पृ0
_ccm.
490 _aम कपेींीपद ेींंित . 2
650 _aहिन्दी साहित्य
942 _hO152,3N12w,1, P4
_cTEXL
_2cc
999 _c1013182
_d1013182